Web interface for data collector in smart mobility

Guardado en:
Detalles Bibliográficos
Autor principal: Hrnčár, Jakub (Autor)
Otros Autores: Janeba, Matej (Orientador)
Formato: Manuscrito Libro
Lenguaje:eslovaco
inglés
Publicado: 2023
Materias:
Acceso en línea:http://is.stuba.sk/zp/portal_zp.pl?podrobnosti=162651
Etiquetas: Agregar Etiqueta
Sin Etiquetas, Sea el primero en etiquetar este registro!

MARC

LEADER 00000ntm a22000003a 4500
001 stuzp92429
003 SK-STU
005 20230909213134.1
007 ta
008 150427s2015----xo-----f-mn---000-0-slo-d
040 |a STU  |b slo 
041 0 |a eng 
100 1 |a Hrnčár, Jakub  |u 070400  |4 aut  |U FIIT Fakulta informatiky a informačných technológií  |T FIIT Ústav počítačového inžinierstva a aplikovanej informatiky  |X 110800  |U I400  |Y 672  |7 110800 
242 0 1 |a Webová aplikácia pre meracie zariadenie v inteligentnej doprave  |y slo 
245 1 0 |a Web interface for data collector in smart mobility 
260 |c 2023 
650 4 |a Inteligentná doprava  |2 slo 
650 4 |a Digitálne dvojča  |2 slo 
650 4 |a Webová aplikácia  |2 slo 
650 4 |a Web application  |2 eng 
650 4 |a Smart city  |2 eng 
650 4 |a Smart mobility  |2 eng 
700 1 |a Janeba, Matej  |u 070400  |k Z3  |4 ths  |U FIIT Fakulta informatiky a informačných technológií  |T FIIT Ústav počítačového inžinierstva a aplikovanej informatiky  |X 79962  |U I400  |Y 672  |7 79962 
856 4 |u http://is.stuba.sk/zp/portal_zp.pl?podrobnosti=162651